International political economy : the struggle for power and wealth

Main Author: Lairson, Thomas D.
Other Authors: Skidmore,
Published: Belmont, CA: Thomson/Wadsworth, 2003.
Edition:3rd ed..
Subjects:
LEADER 00670cam a2200181 7i4500
001 0000041775
005 20140622090000.0
020 # 0 |a 0155074970  
090 0 0 |a HF 1359   |b L188 
100 1 # |a Lairson, Thomas D.  
245 1 0 |a International political economy :   |b the struggle for power and wealth   |c Thomas D. Lairson, David Skidmore. 
250 # # |a 3rd ed.. 
260 # # |a Belmont, CA:   |b Thomson/Wadsworth,   |c 2003. 
300 # # |a xv, 490 p.:   |b ill.;   |c 24 cm.. 
590 # # |a Pusat Pengajian Perniagaan dan Pengurusan Maritim 
650 0 0 |a International economic relations --   |x History --   |y 20th century  
700 1 1 |a Skidmore,   |h David  
999 |a 1100029749  |b Book  |c Open Shelf  |e KOLEKSI TERBUKA